Modèles de Lamborghini - Statistiques

Statistiques générales
  • Ce quiz a été pris 458 fois
  • Le résultat moyen est 6 sur 11
Statistiques - réponses
Hint Réponse % Correct
2011-2022 Aventador
96%
2014-2019 Huracan
90%
2018-2023 Urus
81%
2003-2013 Gallardo
60%
2023-? Revuelto
58%
2001-2006 Murcielago
56%
2013-2014 Veneno
41%
2007-2008 Reventon
30%
2016 Centenario
28%
2020-2022 Sian
28%
2021 Countach LPI 800-4
4%
Aucun quiz correspondant
Distribution des résultats
% des personnes avec chaque résultat
Percentile par nombre de réponses
Votre historique - résultats
Vous n’avez pas pris ce quiz